[Event "SN-2012-0-00416"]
[Site "LSS email"]
[Date "2012.01.22"]
[Round "?"]
[White "Bester, Kazimierz"]
[Black "Gardner, Greg"]
[Result "1/2-1/2"]
[WhiteElo "713"]
[BlackElo "800"]
[PlyCount "80"]
[EventDate "2012.01.06"]
[EventType "tourn (corr)"]
[EventRounds "6"]
[EventCountry "GER"]
[SourceTitle "Telechess CBM 153"]
[Source "ChessBase"]
[SourceDate "2013.03.14"]
[SourceVersion "1"]
[SourceVersionDate "2013.03.14"]
[SourceQuality "1"]

1. d4 Nf6 2. e3 d5 3. Nf3 Nc6 4. Bb5 Bf5 5. c3 e6 6. 0-0 Bd6 7. Ne5 0-0 8. Bxc6 bxc6 9. f4 Be4 10. Nd2 Bf5 11. Nxc6 Qd7 12. Ne5 Qb5 13. a4 Qa6 14. b4 Qc8 15. g4 Be4 16. g5 Ne8 17. Nxe4 dxe4 18. Bd2 a5 19. bxa5 Qa6 20. Nd7 Qxa5 21. c4 Qf5 22. c5 Be7 23. Nxf8 Kxf8 24. Rf2 c6 25. a5 Nc7 26. Qh5 Nd5 27. a6 h6 28. Rb1 Nc7 29. Rb7 Nxa6 30. Rb6 Nc7 31. Rxc6 Nd5 32. Qd1 Qh3 33. gxh6 Qxh6 34. f5 Qg5+ 35. Kh1 exf5 36. Rg2 Qh4 37. Qg1 Qh7 38. Rg3 Nf6 39. Rc7 Ne8 40. Rb7 Rc8 1/2-1/2

[Event "LSS ZN-2009-0-00942"]
[Site "LSS email"]
[Date "2010.02.27"]
[Round "?"]
[White "Gardner, Greg"]
[Black "Hendershot, Paul"]
[Result "0-1"]
[WhiteElo "800"]
[BlackElo "549"]
[PlyCount "28"]
[EventDate "2010.02.22"]
[EventType "match (corr)"]
[EventRounds "2"]
[EventCountry "GER"]
[SourceTitle "Corr 2015"]
[Source "ChessBase"]
[SourceDate "2015.07.17"]
[SourceVersion "1"]
[SourceVersionDate "2015.07.17"]
[SourceQuality "1"]

1. e4 e5 2. Nf3 f6 3. Bc4 d6 4. d4 exd4 5. Nxd4 Ne7 6. 0-0 Ng6 7. Nc3 Nd7 8. Nd5 Nde5 9. Bb3 c5 10. Nf5 Be6 11. Ba4+ Bd7 12. Bb3 Bb5 13. c4 Nxc4 14. Ba4 Qa5 0-1